Estatísticas para Países com maior poluição do ar

Clique aqui para jogar o quiz

Estatísticas Gerais

  • Esse quiz foi jogado 58 vezes
  • A pontuação média é 10 de 20

Estatísticas das Respostas

μg/m3país% Correto
52,7China
100%
90,9Índia
84%
87,0Egito
66%
58,3Paquistão
64%
94,1Níger
60%
71,8Nigéria
59%
60,8Bangladesh
57%
54,3Líbia
57%
56,9Afeganistão
55%
87,9Arábia Saudita
53%
61,6Iraque
53%
66,0Chade
48%
99,7Nepal
43%
55,4Sudão
43%
91,2Catar
40%
60,7Kuweit
38%
70,8Bahrein
33%
72,8Camarões
31%
56,8República
Centro-Africana
31%
53,2Guiné Equatorial
10%

Distribuição das Pontuações

Percentil de Números Respondidos

Porcentagem de Pessoas com Cada Pontuação

Sua Pontuação Histórica

Você não jogou esse quiz